000 00187nam a22000857a 4500
001 1235759
005 20250930162618.0
245 _aTROYA MASALI
_cAZRA ERHAT
260 _bGÜNIŞIĞI YAYINLARI
999 _c1235759
_d1235759